Causality in the sciences (Registro nro. 239960)

Detalles MARC
000 -ENCABEZADO
Número de control [NR] 00997cam a2200265 a 4500
005 - FECHA Y HORA DE LA ÚLTIMA TRANSACCIÓN
control field 20170608110959.0
008 - DE LONGITUD FIJA DE DATOS DE ELEMENTOS - INFORMACIÓN GENERAL
Elementos de longitud fija [NR] 101231s2011 enkad fr 001 0 eng
010 ## - NUMERO DE CONTROL DE LA BIBLIOTECA DEL CONGRESO (LC) [NR]
Número de control LC [NR] 2011922687
020 ## - NUMERO INTERNACIONAL NORMALIZADO PARA LIBROS [R]
Número Internacional Normalizado del libro [NR] 9780199574131
040 ## - FUENTE DE CATALOGACION [NR]
Agencia de catalogación original [NR] CO-BoUCM
Idioma de catalogación [NR] spa
Quien Cataloga Jose A. Gerena
Quien Clasifica Diana Londoño
041 ## - CODIGO DE IDIOMA [R]
Código de idioma para texto/pista de sonido o título separado [R] Inglés
245 00 - MENCION DE TITULO [NR]
Título [NR] Causality in the sciences
Mención de responsabilidad, etc. [NR] editado por Phyllis McKay Illari, Frederica Russo, Jon Williamson
260 ## - PUBLICACION, DISTRIBUCION, ETC. (PIE DE IMPRENTA) [R]
Lugar de publicación, distribución, etc. [R] Oxford (Oxfordshire, Inglaterra)
Nombre del editor, distribuidor, etc. [R] Oxford University press
Fecha de publicación, distribución, etc. [R] 2011
300 ## - DESCRIPCION FISICA [R]
Extensión [R] xiii, 938 páginas
Otros detalles físicos [NR] ilustraciones, cuadros, gráficas
504 ## - NOTA DE BIBLIOGRAFIA, ETC. [R]
Nota de bibliografía, etc. [NR] Incluye referencias bibliográficas e índices
650 #7 - ASIENTO SECUNDARIO DE MATERIA - TERMINO TEMATICO [R]
Término temático o nombre geográfico como elemento de entrada [NR] Causalidad
9 (RLIN) 10618
650 #7 - ASIENTO SECUNDARIO DE MATERIA - TERMINO TEMATICO [R]
Término temático o nombre geográfico como elemento de entrada [NR] Ciencias
9 (RLIN) 10793
650 #7 - ASIENTO SECUNDARIO DE MATERIA - TERMINO TEMATICO [R]
Término temático o nombre geográfico como elemento de entrada [NR] Filosofía de la ciencia
9 (RLIN) 15753
690 ## - ASUNTO AGREGADO LOCAL DE ENTRADA - TÉRMINO TEMÁTICO (OCLC, RLIN)
9 (RLIN) 42755
Acceso temático local Ciencias naturales
700 1# - ASIENTO SECUNDARIO - NOMBRE PERSONAL [R]
Nombre personal [NR] Illari, Phyllis McKay.
Término de relación [R] editor
9 (RLIN) 58928
700 1# - ASIENTO SECUNDARIO - NOMBRE PERSONAL [R]
Nombre personal [NR] Russo, Federica,
Término de relación [R] editor
9 (RLIN) 58929
700 1# - ASIENTO SECUNDARIO - NOMBRE PERSONAL [R]
Nombre personal [NR] Williamson, Jon.
Término de relación [R] editor
9 (RLIN) 58930
942 ## - ELEMENTOS DE ENTRADA AGREGADOS (KOHA)
Tema principal Ciencias puras
Tipo de ítem principal el descrito en 300a Libro
Edición 1
Parte restante de la signatura top. C734c
Sistema de clasificación DEWEY
Clasificación 501
Existencias
Fecha de último préstamo Total préstamos Signatura topográfica Código de barras Última vez visto Ejemplar Costo de reposición Price effective from Tipo de ítem Perdido Sistema de clasificación Dañado No prestable Tipo de ítem específico Suprimido Ubicación habitual Ubicación actual Localización Fecha de creación Proveedor Forma de adquisición Costo
25/11/2016 1 501 C734c 100140871 05/12/2025 Ej.1 256300.00 17/03/2014 Libro   DEWEY     Libro   Claustro Claustro 2do piso 17/03/2014 15 Compra 256300.00